The varieties of history: from Voltaire to the present / (Record no. 30784)

MARC details
000 -LEADER
campo de control de longitud fija 02516cam a2200313 4500
001 - NÚMERO DE CONTROL
campo de control 118148
005 - FECHA Y HORA DE LA ÚLTIMA TRANSACCIÓN
campo de control 20230410105132.0
008 - DATOS DE LONGITUD FIJA--INFORMACIÓN GENERAL
campo de control de longitud fija 730411r1973 nyu b 001 0 eng
035 ## - NÚMERO DE CONTROL DEL SISTEMA
Número de control de sistema 2668267
010 ## - NÚMERO DE CONTROL DE LA BIBLIOTECA DEL CONGRESO
Número de control de LC 73006547
020 ## - NÚMERO INTERNACIONAL ESTÁNDAR DEL LIBRO
Número Internacional Estándar del Libro 039471962X
035 ## - NÚMERO DE CONTROL DEL SISTEMA
-- (DLC) 73006547
040 ## - FUENTE DE CATALOGACIÓN
Centro catalogador/agencia de origen DLC
Centro/agencia transcriptor DLC
Centro/agencia modificador DLC
041 ## - CÓDIGO DE IDIOMA
Código de lengua del texto/banda sonora o título independiente eng
050 14 - SIGNATURA TOPOGRÁFICA DE LA BIBLIOTECA DEL CONGRESO
Número de clasificación D 13
Número de ítem V299 1973
082 00 - NÚMERO DE LA CLASIFICACIÓN DECIMAL DEWEY
Número de clasificación 907.2
245 04 - MENCIÓN DEL TÍTULO
Título The varieties of history: from Voltaire to the present /
Mención de responsabilidad, etc. edited, selected, and introduced by Fritz Stern.
260 ## - PUBLICACIÓN, DISTRIBUCIÓN, ETC.
Lugar de publicación, distribución, etc. New York :
Nombre del editor, distribuidor, etc. Vintage Books,
Fecha de publicación, distribución, etc. 1973.
300 ## - DESCRIPCIÓN FÍSICA
Extensión 528 p. ;
Dimensiones 21 cm.
504 ## - NOTA DE BIBLIOGRAFÍA, ETC.
Nota de bibliografía, etc. Includes bibliographical references.
505 ## - NOTA DE CONTENIDO CON FORMATO
Nota de contenido con formato The new philosophical history / Voltaire -- The critical method / Barthold Niebuhr -- The ideal of universal history / Leopold von Ranke -- National history and liberalism / Augustin Thierry -- History and literature / Thomas Babington Macaulay -- History as biography / Thomas Carlyle -- History as a national epic / Jules Michelet -- Positivistic history and its critics / Henry Thomas Buckle and Johann Droysen -- Historical materialism / Karl Marx, Friedrich Engels, and Jean Jaurès -- History as an academic discipline -- The ethos of a scientific historian / N.D. Fustel de Coulanges -- On the training of historians / Theodor Mommsen -- An American definition of history / Frederick Jackson Turner -- History as a science / J.B. Bury -- Clio rediscovered / G.M. Trevelyan -- Specialization and historical synthesis / Lord Acton and Henri Berr -- A hew history in America / James Harvey Robinson and Charles A. Beard -- Historicism and its problems / Friedrich Meinecke -- Historical conceptualization / J. Huizinga -- Economic history / George Unwin and J.H. Clapham -- Historical relativism / Charles A. Beard -- History under modern dictatorships / N.N. Pokrovsky, Walter Frank, and K.A. von Müller -- History and the social sciences / Thomas Cochran and Richard Hofstadter -- History and political culture / L.B. Namier -- Cultural history as a synthesis / Jacques Barzun -- Time, history, and the social sciences / Fernand Braudel -- Social history / H.J. Perkin -- A new economic history / R.W. Fogel -- Clio and crisis / C. Vann Woodward.
650 #0 - PUNTO DE ACCESO ADICIONAL DE MATERIA--TÉRMINO DE MATERIA
Término de materia o nombre geográfico como elemento de entrada Historiography.
650 #4 - PUNTO DE ACCESO ADICIONAL DE MATERIA--TÉRMINO DE MATERIA
Término de materia o nombre geográfico como elemento de entrada Historiografía.
650 #4 - PUNTO DE ACCESO ADICIONAL DE MATERIA--TÉRMINO DE MATERIA
Término de materia o nombre geográfico como elemento de entrada 20150700
700 1# - ENTRADA AGREGADA--NOMBRE PERSONAL
Nombre de persona Stern, Fritz Richard,
Fechas asociadas al nombre 1926-
Término indicativo de función/relación ed.
856 41 - LOCALIZACIÓN Y ACCESO ELECTRÓNICOS
Materiales especificados Table of contents only
Identificador Uniforme de Recursos <a href="http://www.loc.gov/catdir/enhancements/fy1110/73006547-t.html">http://www.loc.gov/catdir/enhancements/fy1110/73006547-t.html</a>
942 ## - ELEMENTOS DE ENTRADA SECUNDARIOS (KOHA)
Fuente del sistema de clasificación o colocación Clasificación de Library of Congress
Tipo de ítem Koha
946 ## - PROCESAMIENTO DE INFORMACIÓN LOCAL (OCLC)
a dpf
Holdings
Estatus retirado Estado de pérdida Fuente del sistema de clasificación o colocación Estado de daño No para préstamo Colección Biblioteca de origen Biblioteca actual Ubicación en estantería Fecha de adquisición Serial enumeration / chronology Signatura topográfica completa Código de barras Visto por última vez Copia número Tipo de ítem Koha
    Clasificación de Library of Congress     Recursos Regionales Biblioteca Juan Bosch Biblioteca Juan Bosch Recursos Regionales (2do. Piso) 10/04/2023 4 D 13 V299 1973 00000111136 23/10/2018 1